| 000 | 00819cam a2200241 4500 | ||
|---|---|---|---|
| 008 | 000000n2000 000 0 eng u | ||
| 020 | _a0421716908 | ||
| 035 | _a(Sirsi) u112630 | ||
| 041 | _aeng. | ||
| 050 | _a346.4102 | ||
| 100 | _aSmith, J.C. | ||
| 245 | _aSmith and Thomas: a casebook on contract | ||
| 250 | _a11th ed. | ||
| 260 |
_aSweet & Maxwell _c2000 |
||
| 300 |
_axxxv,754p. _c24cm. |
||
| 350 | _a28.95 | ||
| 520 | _aIncludes substantial extracts from leading cases as well as the relevant statutes, with notes, questions and problems. Also includes extracts from 'The Principles of European Contract Law 1998', allowing comparison of their effect with that of English law. | ||
| 650 | _aCONTRACT LAW | ||
| 650 |
_aContracts _96232 |
||
| 650 | _aEUROPE LAW | ||
| 690 | _aLAW | ||
| 942 | _n0 | ||
| 999 |
_c101454 _d101454 |
||